[Event "Cataluna Club op"]
[Site "ESP"]
[Date "1999.??.??"]
[Round "?"]
[White "De Esteban Lucea, Xavier"]
[Black "Arevalo, JM."]
[Result "1/2-1/2"]
[WhiteElo "2025"]
[BlackElo "1925"]

1.c4 d6 2.Nf3 g6 3.d4 Nf6 4.g3 Bg7 5.Bg2 O-O 6.O-O c6 7.Nc3 Qc7 8.b3 e5 9.dxe5 dxe5
10.Bb2 Nfd7 11.Ng5 h6 12.Nge4 Na6 13.Rc1 f5 14.Nd6 Nf6 15.Nxc8 Raxc8 16.e4 f4
17.h3 Nc5 18.Qe2 Ne6 19.c5 Nd4 20.Qc4+ Kh7 21.gxf4 Nh5 22.Ne2 Nxe2+ 23.Qxe2 Nxf4
24.Qe3 Qe7 25.Kh2 Rcd8 26.Rcd1 Qg5 27.Qg3  1/2-1/2

[Event "Cataluna-chT"]
[Site "ESP"]
[Date "1999.??.??"]
[Round "8"]
[White "Hernandez Jimenez, G."]
[Black "Baron Isanta, Jose Maria"]
[Result "0-1"]
[WhiteElo "2230"]
[BlackElo "2375"]

1.d4 Nf6 2.Nf3 g6 3.c4 Bg7 4.g3 O-O 5.Bg2 d6 6.O-O Nbd7 7.Nc3 e5 8.h3 c6
9.e4 Ne8 10.d5 c5 11.a3 a5 12.Rb1 Nc7 13.Nb5 Nxb5 14.cxb5 Nb6 15.a4 f5 16.b3 f4
17.gxf4 exf4 18.Bb2 Bxb2 19.Rxb2 Nd7 20.e5 Nxe5 21.Nxe5 dxe5 22.d6 Be6 23.Bd5 Qf6
24.Rc2 f3 25.Qd2 Rad8 26.Rxc5 Rxd6 27.Bxe6+ Rxe6 28.Rd1 e4 29.Qg5 Qxg5+ 30.Rxg5 e3
31.fxe3 Rxe3 32.Rd2 Rxb3 33.Rgd5 Rb4 34.Rd7 Rxa4 35.Rxb7 Rb4 36.Kf2 Rf7 37.Rb8+ Kg7
38.b6 a4 39.Rdd8 Rb2+ 40.Kf1 f2 41.Rd1 a3 42.b7 a2 43.h4 Rb1 44.Kg2 a1=Q  0-1

[Event "Gent op 22nd"]
[Site "Gent"]
[Date "1999.??.??"]
[Round "4"]
[White "Dijkmans, B."]
[Black "Filipek, Jakub"]
[Result "0-1"]
[WhiteElo "2240"]
[BlackElo "2395"]

1.d4 Nf6 2.c4 g6 3.Nf3 Bg7 4.g3 O-O 5.Bg2 d6 6.O-O Nc6 7.Nc3 a6 8.d5 Na5
9.Nd2 c5 10.Qc2 Rb8 11.b3 b5 12.Bb2 bxc4 13.bxc4 Bh6 14.f4 e5 15.dxe6 fxe6
16.Rfd1 Ng4 17.Nce4 Rxb2 18.Qxb2 Bg7 19.Qa3 d5 20.cxd5 Bd4+ 21.Kh1 exd5 22.h3 dxe4
23.Nxe4 Ne3 24.Ng5 Nc2 25.Qd3 Nxa1 26.e3 Bf6 27.Bd5+ Kg7  0-1

[Event "Oberliga Ost B9899"]
[Site "GER"]
[Date "1999.??.??"]
[Round "?"]
[White "Mueller, Andrea"]
[Black "Henrich, Thomas"]
[Result "1-0"]
[WhiteElo "2155"]
[BlackElo "2445"]

1.d4 Nf6 2.c4 g6 3.Nf3 Bg7 4.g3 O-O 5.Bg2 d6 6.O-O Nc6 7.Nc3 a6 8.Be3 Ng4
9.Bc1 e5 10.d5 Ne7 11.h3 Nh6 12.c5 f6 13.cxd6 cxd6 14.e4 b5 15.Be3 Bd7 16.a3 Nf7
17.Nd2 a5 18.b4 f5 19.f3 Bh6 20.Qe2 f4 21.gxf4 exf4 22.Bd4 Qb8 23.Nb3 a4
24.Na5 Bg7 25.Qf2 Ne5 26.Rfd1 g5 27.Bf1 N7g6 28.Rac1 Nh4 29.Bxe5 Bxe5 30.Nc6 Qe8
31.Nxb5 Qh5 32.Nbd4 Bxc6 33.dxc6 Bxd4 34.Bc4+ Rf7 35.Bxf7+ Kxf7 36.Rxd4 Nxf3+
37.Kf1 Qxh3+ 38.Ke2 Nxd4+ 39.Qxd4 Qxa3 40.Qd5+ Kf8 41.Qxd6+ Kf7 42.Qd7+ Kf8
43.Qf5+ Ke8 44.Qe6+ Kf8 45.Qf6+ Ke8 46.Qh8+ Ke7 47.Qxh7+ Kf8 48.Qh8+ Kf7
49.Qh7+ Kf8 50.Qf5+ Ke8 51.Qe5+ Kf7 52.Qd5+ Kf8 53.Qc5+ Ke8 54.c7 Rc8 55.Qe5+ Kf7
56.Qf5+ Ke7 57.Qxg5+ Ke8 58.Qe5+ Kf7 59.Qxf4+ Ke7 60.Qe5+  1-0

[Event "Hessenliga 9899"]
[Site "GER"]
[Date "1999.??.??"]
[Round "?"]
[White "Kersting, Martin"]
[Black "Koeller, Oliver"]
[Result "0-1"]
[WhiteElo "2270"]
[BlackElo "2290"]

1.Nf3 g6 2.c4 Nf6 3.d4 Bg7 4.g3 O-O 5.Bg2 d6 6.O-O Nbd7 7.Nc3 e5 8.e4 exd4
9.Nxd4 Re8 10.Nc2 Nc5 11.f3 Bd7 12.Bg5 Qc8 13.Qd2 Bh3 14.Rad1 Bxg2 15.Kxg2 Ne6
16.Be3 a6 17.Nd5 Rb8 18.Ncb4 Nd7 19.Rc1 c5 20.Nd3 b5 21.b3 Qb7 22.Rfe1 b4
23.Nf2 Nb6 24.Rcd1 Nd4 25.Bg5 Nxd5 26.exd5 f5 27.Bf4 Qd7 28.Nd3 a5 29.Be3 a4
30.Bxd4 Bxd4 31.Nf4 axb3 32.axb3 Bc3 33.Rxe8+ Qxe8 34.Qd3 Qe5 35.Ne6 Ra8
36.Qc2 Ra3 37.Rf1 Qe3 38.Nf4 Bf6 39.Nd3 Qe7 40.Re1 Qg7 41.Re2 Bd4 42.Rd2 Ra1
43.Nf2 Re1 44.Re2 Bxf2 45.Rxf2 Qa1 46.Qb2 Qxb2 47.Rxb2 Re3 48.f4 Kf7 49.Kf2 Rc3
50.Kg2 Kf6 51.Kg1 g5 52.Kg2 gxf4 53.gxf4 Kg6 54.Rb1 Kh5 55.h3 Kh4 56.Re1 Rxb3
57.Re6 Rg3+ 58.Kf2 Rxh3 59.Rxd6 Rc3 60.Rh6+ Kg4 61.Rh1 Rxc4 62.Rd1 Rxf4+
63.Kg2 Re4 64.d6 Re2+ 65.Kf1 Re8 66.Kf2 b3 67.Rc1 Rd8 68.Rxc5 Rxd6  0-1

[Event "Oberliga Ost A9899"]
[Site "GER"]
[Date "1999.??.??"]
[Round "?"]
[White "Schunk, Thomas"]
[Black "Mehlhorn, Uwe"]
[Result "1/2-1/2"]
[WhiteElo "2295"]
[BlackElo "2175"]

1.Nf3 g6 2.c4 Bg7 3.d4 Nf6 4.g3 O-O 5.Bg2 d6 6.O-O Nbd7 7.Nc3 e5 8.Qc2 c6
9.Rd1 Re8 10.b3 Qa5 11.dxe5 dxe5 12.e4 a6 13.Rb1 b5 14.b4 Qc7 15.c5 a5 16.a3 Nf8
17.Rd6 Re6 18.Rd1 Re7 19.Bb2 Bg4 20.h3 Bxf3 21.Bxf3 Ne6 22.Ne2 Ne8 23.Bg4 Rd8
24.Bxe6 Rxe6 25.Rxd8 Qxd8 26.Rd1 Qc7 27.Qd2 a4 28.f3 Bf6 29.g4 Qe7 30.Bc1 Nc7
31.Ng3 Qe8 32.g5 Bg7 33.Bb2 Re7 34.Qd6 Ne6 35.Bxe5 Nxg5 36.Bxg7 Kxg7 37.Kg2 f6
38.Qd8 Qxd8 39.Rxd8 Rc7 40.Ne2 Nf7 41.Rd4 Ne5 42.f4 Nc4  1/2-1/2

[Event "Oberliga Nord N9899"]
[Site "GER"]
[Date "1999.??.??"]
[Round "?"]
[White "Storm, Roland"]
[Black "Kulaots, Kaido"]
[Result "0-1"]
[WhiteElo "2280"]
[BlackElo "2445"]

1.d4 g6 2.Nf3 Bg7 3.g3 d6 4.Bg2 Nf6 5.c4 O-O 6.Nc3 Nc6 7.O-O a6 8.d5 Na5
9.Nd2 c5 10.dxc6 Nxc6 11.Nd5 Nxd5 12.cxd5 Ne5 13.Rb1 Bf5 14.Be4 Qd7 15.Bxf5 Qxf5
16.Kg2 Rac8 17.e4 Qd7 18.Qb3 b5 19.f4 Nc4 20.Nf3 f5 21.Qd3 fxe4 22.Qxe4 Qf5
23.Re1 Qxe4 24.Rxe4 Rfe8 25.Re2 Nb6 26.Be3 Nxd5 27.Bf2 Nb4 28.b3 Nd3 29.Be3 Rc3
30.Rd1 Nb4 31.Ne1 Nxa2 32.Nd3 e5 33.fxe5 dxe5 34.Bg5 e4 35.Nf2 Rc5 36.Be3 Nc3
37.Bxc5 Nxe2 38.Re1 Nc3 39.b4 Bf8 40.Ng4 Re6 41.Bd4 Nd5  0-1

[Event "Oberliga Nord N9899"]
[Site "GER"]
[Date "1999.??.??"]
[Round "?"]
[White "Newton, Robert"]
[Black "Marxen, Peter"]
[Result "1/2-1/2"]
[WhiteElo "2110"]
[BlackElo "2265"]

1.d4 Nf6 2.Nf3 g6 3.g3 Bg7 4.Bg2 O-O 5.c4 d6 6.O-O Nbd7 7.Qc2 e5 8.Rd1 Re8
9.Nc3 c6 10.dxe5 dxe5 11.Ng5 Qe7 12.Nge4 Nc5 13.Nd6 Rd8 14.Nxc8 Rxd1+ 15.Qxd1 Rxc8
16.Be3 Rd8 17.Qc2 Ng4 18.Bxc5 Qxc5 19.Ne4 Qe7 20.c5 Nf6 21.Nd6  1/2-1/2

[Event "GER-ch 11th Seniors"]
[Site "Germany"]
[Date "1999.??.??"]
[Round "?"]
[White "Thal, Olaf"]
[Black "Schulz, Wolfgang"]
[Result "0-1"]
[WhiteElo "2280"]
[BlackElo "2120"]

1.d4 d6 2.c4 g6 3.g3 Bg7 4.Bg2 Nf6 5.Nf3 O-O 6.O-O c6 7.h3 Qb6 8.Nc3 Bf5
9.g4 Bd7 10.b3 h5 11.g5 Ne8 12.e4 c5 13.Be3 Qa5 14.Qc1 Nc6 15.Rd1 cxd4 16.Nxd4 Nc7
17.Nde2 b5 18.cxb5 Nxb5 19.Bd2 Rac8 20.Nxb5 Qxb5 21.Nc3 Qe5 22.Qb1 Nd4 23.Qd3 Ne6
24.Nd5 Rfe8 25.Rac1 Nc5 26.Qe3 Qb2 27.b4 Ne6 28.Rxc8 Bxc8 29.Qxa7 Qc2 30.Ne3 Qb2
31.Qa4 Kf8 32.h4 Nf4 33.Nc4 Ne2+ 34.Kf1 Qd4 35.Qb3 Be6 36.Rc1 Bxc4 37.Rxc4 Qxd2
38.Qb1 Nf4 39.Bf3 Bd4 40.Qe1 Qd3+  0-1

[Event "Gyongyos op"]
[Site "Gyongyos"]
[Date "1999.??.??"]
[Round "5"]
[White "Juhasz, Bela"]
[Black "Monus, Zoltan"]
[Result "1-0"]
[WhiteElo "2285"]
[BlackElo "2185"]

1.d4 Nf6 2.c4 g6 3.g3 Bg7 4.Bg2 O-O 5.Nf3 d6 6.O-O Nbd7 7.Nc3 e5 8.h3 Re8
9.e4 exd4 10.Nxd4 a6 11.Re1 Rb8 12.Be3 Ne5 13.b3 c5 14.Nc2 b5 15.f4 Ned7
16.Qxd6 Rb6 17.Qd3 Bb7 18.Rad1 Qa8 19.Nd5 Nxd5 20.cxd5 b4 21.Bf2 a5 22.Ne3 a4
23.Nc4 Ra6 24.e5 axb3 25.axb3 Ra2 26.Nd6 Nxe5 27.fxe5 Rxe5 28.Nxb7 Qxb7 29.d6 Qd7
30.Rxe5 Bxe5 31.Bxc5  1-0

[Event "Gyongyos op"]
[Site "Gyongyos"]
[Date "1999.??.??"]
[Round "7"]
[White "Horvath, Sandor2"]
[Black "Nemeth, Jozsef"]
[Result "1/2-1/2"]
[WhiteElo "2050"]
[BlackElo "2155"]

1.Nf3 g6 2.g3 Bg7 3.d4 Nf6 4.Bg2 d6 5.c4 O-O 6.Nc3 Nbd7 7.O-O e5 8.d5 h6
9.e4 Kh7 10.Rb1 a6 11.Bd2 Nc5 12.Qe2 Ng8 13.b4 Nd7 14.Ne1 f5 15.f4 Qe7 16.exf5 gxf5
17.fxe5 dxe5 18.Bh3 Nb8 19.Nc2 a5 20.Nb5 Na6 21.bxa5 c6 22.Nc3 Qc5+ 23.Kh1 Qxa5
24.Ne3 cxd5 25.Ncxd5 Qxa2 26.Nc3 Qa3 27.Bxf5+ Bxf5 28.Nxf5 Qc5 29.Rxb7 Ra7
30.Qe4 Rxb7 31.Qxb7 Nc7 32.Qe4 Nf6 33.Qh4 Qc6+ 34.Kg1 Nd7 35.Rf2 Nc5 36.Qg4 Qg6
37.Qxg6+ Kxg6 38.Ne7+ Kh7 39.Rxf8 Bxf8 40.Ned5 N7e6 41.Nf6+ Kg6 42.Ng4 Bg7
43.Nd5 h5 44.Nge3 Nb3 45.Bb4 Bf8 46.Bxf8 Nxf8 47.Kf2 Ne6 48.Kf3 Nec5 49.Nc3 Nd2+
50.Ke2 Ndb3 51.Kd1 Nd4 52.Ne2 Nf3 53.h3 Ng5 54.h4 Nge4 55.Kc2 Kf6 56.Kb2 Ke6
57.Ka3 Nd3 58.Ka4 Ndc5+ 59.Kb5 Nd3 60.Kb6 Ndc5 61.Kc6 Nd3 62.g4 hxg4 63.Nxg4 Nf4
64.Nxe5 Kxe5 65.Nxf4 Kxf4 66.Kd5 Nc3+ 67.Kd6 Ne4+ 68.Kd5 Nc3+ 69.Kd6 Ne4+
70.Kd5  1/2-1/2

[Event "Hallsberg opJ"]
[Site "Hallsberg"]
[Date "1999.??.??"]
[Round "7"]
[White "Kovaljov, Denis"]
[Black "Blehm, Pawel"]
[Result "0-1"]
[WhiteElo "2249"]
[BlackElo "2428"]

1.d4 Nf6 2.c4 g6 3.Nf3 Bg7 4.g3 d6 5.Bg2 O-O 6.O-O Nc6 7.d5 Na5 8.Nfd2 c6
9.Na3 cxd5 10.cxd5 e6 11.dxe6 Bxe6 12.Nb3 Nxb3 13.axb3 Qd7 14.Nc4 Rfd8 15.Be3 Bh3
16.Qd3 Bf5 17.Qd2 d5 18.Ne5 Qb5 19.Ra5 Qxb3 20.Rfa1 Ne4 21.Qd4 Re8 22.Rxd5 Bxe5
23.Rxe5 Red8 24.Rxe4 Rxd4 25.Rxd4 Qxb2 26.Rad1 Qxe2 27.Bxb7 Re8 28.Bc6 Rxe3
29.fxe3 Qxe3+ 30.Kg2 Qe2+ 31.Kg1 Bh3 32.R4d2 Qe3+ 33.Rf2 Qb3 34.Rc1 a5 35.Bg2 Be6
36.Rf3 Qb2 37.Rd1 Qb6+ 38.Rf2 Qc5 39.Be4 a4 40.Kg2 a3 41.Rdd2 Qb4 42.Bf3 Qb1
43.Rd1 a2 44.Rff1 Qb2+ 45.Kg1 Bh3 46.Rfe1 Bf5  0-1

[Event "Havana Provincial"]
[Site "Havana"]
[Date "1999.??.??"]
[Round "?"]
[White "Poyato, Antonio"]
[Black "Bezanilla, Alexis"]
[Result "1/2-1/2"]
[WhiteElo "2205"]
[BlackElo "2315"]

1.Nf3 g6 2.c4 Bg7 3.g3 d6 4.d4 Nf6 5.Bg2 O-O 6.O-O Nc6 7.Nc3 a6 8.Re1 Rb8
9.Rb1 Bf5 10.e4 Bg4 11.h3 Bxf3 12.Bxf3 Nd7 13.Be3 e5 14.d5 Nd4 15.Bg2 c5
16.dxc6 bxc6 17.b3 c5 18.h4 Nb6 19.Ne2 a5 20.Bd2 a4 21.Nxd4 cxd4 22.Ba5 Qc8
23.Rc1 axb3 24.axb3  1/2-1/2

[Event "HUN-chT9899"]
[Site "HUN"]
[Date "1999.??.??"]
[Round "?"]
[White "Seres, Lajos"]
[Black "Vajda, Levente"]
[Result "0-1"]
[WhiteElo "2420"]
[BlackElo "2480"]

1.d4 Nf6 2.Nf3 g6 3.g3 Bg7 4.Bg2 O-O 5.c4 d6 6.Nc3 Nbd7 7.O-O e5 8.e4 exd4
9.Nxd4 Re8 10.h3 a6 11.Re1 Rb8 12.a4 c6 13.a5 Ne5 14.Bf1 c5 15.Nb3 Be6 16.Nd5 Bxd5
17.cxd5 c4 18.Nd2 Rc8 19.Ra4 Qd7 20.Rb4 Rc5 21.Nxc4 Nxc4 22.Rxc4 Rxc4 23.Bxc4 Qxh3
24.Bf1 Qc8 25.Qd3 Qc5 26.Bd2 Ng4 27.Qf3 h5 28.Rc1 Qd4 29.Rc7 Ne5 30.Qf4 Qxd2  0-1

[Event "HUN-chT9899"]
[Site "HUN"]
[Date "1999.??.??"]
[Round "?"]
[White "Schneider, Attila"]
[Black "Toth, Andras"]
[Result "0-1"]
[WhiteElo "2375"]
[BlackElo "2330"]

1.g3 g6 2.Nf3 Bg7 3.d4 Nf6 4.c4 O-O 5.Bg2 d6 6.O-O Nc6 7.Nc3 a6 8.d5 Na5
9.b3 c5 10.dxc6 Nxc6 11.Bb2 Rb8 12.Rc1 Bd7 13.Nd4 Nxd4 14.Qxd4 b5 15.Nd5 Ne8
16.Qd2 Bxb2 17.Qxb2 bxc4 18.Rxc4 e6 19.Nb4 d5 20.Nc6 Bxc6 21.Rxc6 Rb6 22.Rfc1 Nd6
23.Qd4 Rxc6 24.Rxc6 Nf5 25.Qc3 a5 26.Rc5 a4 27.bxa4 Qb6 28.Rb5 Qd4 29.Qc2 Ra8
30.e3 Qe5 31.Bf1 h5 32.Rb4 h4 33.g4 Ne7 34.Qc5 Qg5 35.h3 Rc8 36.Qd6 Rc2 37.a5 Nc6
38.Rf4 d4 39.exd4 e5 40.dxe5 Qxf4  0-1

[Event "HUN-chT29899"]
[Site "HUN"]
[Date "1999.??.??"]
[Round "?"]
[White "Peredy, Ferenc"]
[Black "Havasi, Janos"]
[Result "1-0"]
[WhiteElo "2470"]
[BlackElo "2245"]

1.d4 Nf6 2.Nf3 g6 3.c4 Bg7 4.g3 d6 5.Bg2 O-O 6.O-O Na6 7.h3 c5 8.Nc3 Rb8
9.e4 cxd4 10.Nxd4 Nc5 11.Be3 a6 12.Qe2 Bd7 13.Rfe1 Qc8 14.Kh2 Ne6 15.Rac1 Nxd4
16.Bxd4 Bc6 17.b4 Qe6 18.b5 axb5 19.cxb5 Bd7 20.Qb2 Rbc8 21.Nd5 Rxc1 22.Rxc1 Ne8
23.Bxg7 Nxg7 24.Rc7 Rd8 25.Rxb7 Kf8 26.Rc7 f6 27.b6 Ne8 28.b7 Rb8 29.Qb6  1-0

[Event "HUN-chT29899"]
[Site "HUN"]
[Date "1999.??.??"]
[Round "?"]
[White "Petro, Janos"]
[Black "Konnyu, Janos"]
[Result "1-0"]
[WhiteElo "2075"]
[BlackElo "2070"]

1.Nf3 Nf6 2.g3 g6 3.c4 Bg7 4.d4 d6 5.Bg2 O-O 6.O-O Nbd7 7.Nc3 e5 8.Bg5 h6
9.dxe5 Nxe5 10.Nxe5 hxg5 11.Nf3 Be6 12.b3 Nd7 13.Rc1 Rb8 14.Nd4 Nc5 15.b4 Qf6
16.Ncb5 Na6 17.Nxe6 Qxe6 18.a3 Rfd8 19.Qd2 c6 20.Nd4 Qf6 21.Rfd1 Nc7 22.Qe3 Re8
23.Qb3 c5 24.Nc2 Rxe2 25.Bf3 Re7 26.Kg2 g4 27.Bxg4 Bh6 28.Rb1 Ne6 29.Qd3 Rd8
30.Bxe6 fxe6 31.bxc5 Rf8 32.cxd6 Qxf2+ 33.Kh1 Ref7 34.Rf1 Qxf1+ 35.Rxf1 Rxf1+
36.Kg2 R1f2+ 37.Kh3 Kh7 38.Nd4 Rd2 39.Qe4 Bg7 40.Nxe6 Rf6 41.Ng5+ Kg8 42.d7 Rf7
43.Qe8+ Rf8 44.Qe6+ Kh8 45.Qxg6  1-0

[Event "RUS-ch sf"]
[Site "Novosibirsk"]
[Date "1999.??.??"]
[Round "3"]
[White "Bocharov, Dmitry"]
[Black "Iskusnyh, Sergei"]
[Result "1-0"]
[WhiteElo "2345"]
[BlackElo "2486"]

1.d4 Nf6 2.Nf3 g6 3.c4 Bg7 4.g3 O-O 5.Bg2 d6 6.O-O Nc6 7.Nc3 a6 8.d5 Na5
9.Nd2 c5 10.Qc2 Rb8 11.b3 b5 12.Bb2 h5 13.Rae1 Bf5 14.e4 Bd7 15.Nd1 e5 16.f4 bxc4
17.bxc4 h4 18.fxe5 Ng4 19.exd6 Rxb2 20.Nxb2 Bd4+ 21.Kh1 Nxh2 22.Nf3 Nxf1
23.Bxf1 hxg3 24.Nxd4 Qh4+ 25.Kg1 g2 26.Nf3 gxf1=R+ 27.Rxf1 Qf4 28.Qd2 Qg3+
29.Qg2 Qf4 30.e5 Bg4 31.Nh2 Qd4+ 32.Qf2 Qxf2+ 33.Rxf2 Bd7 34.Nf3 Bf5 35.Nd2 Re8
36.Re2 Nb7 37.Kf2 f6 38.e6 Nxd6 39.Nb3 Rc8 40.Kf3 g5 41.Na5 Bg6 42.Re3 Kg7
43.Rb3 f5 44.Rb6 Rd8 45.Nb7 Nxb7 46.Rxb7+ Kf6 47.e7 Bh5+ 48.Kf2 Rh8 49.d6 f4
50.d7  1-0

[Event "RUS-ch sf"]
[Site "Novosibirsk"]
[Date "1999.??.??"]
[Round "5"]
[White "Bocharov, Dmitry"]
[Black "Nevostrujev, Vladimir"]
[Result "1-0"]
[WhiteElo "2345"]
[BlackElo "2466"]

1.d4 Nf6 2.Nf3 g6 3.c4 Bg7 4.g3 O-O 5.Bg2 d6 6.O-O Nbd7 7.Nc3 e5 8.e4 exd4
9.Nxd4 Re8 10.h3 Nc5 11.Re1 c6 12.b3 a5 13.Rb1 a4 14.b4 Ncd7 15.b5 Ne5 16.bxc6 bxc6
17.f4 Nxc4 18.Nxc6 Qc7 19.e5 dxe5 20.fxe5 Bd7 21.Rb7 Qxb7 22.Ne7+ Rxe7 23.Bxb7 Rae8
24.Bg5 Nxe5 25.Ne4 Nxe4 26.Bxe7 Nc3 27.Qd2 Rxe7 28.Qxc3 Bxh3 29.Qb4 Bf6 30.Rd1 Kg7
31.Bg2 Bd7 32.Qf4 Bb5 33.Rd6 Nd7 34.Qb4 Re5 35.Bc6 Bxc6 36.Rxc6 Rg5 37.Qd6  1-0

[Event "RUS-ch sf"]
[Site "Novosibirsk"]
[Date "1999.??.??"]
[Round "8"]
[White "Bocharov, Dmitry"]
[Black "Zaitsev, Vadim"]
[Result "1/2-1/2"]
[WhiteElo "2345"]
[BlackElo "2412"]

1.d4 Nf6 2.Nf3 g6 3.c4 Bg7 4.g3 O-O 5.Bg2 d6 6.O-O c6 7.Nc3 Qb6 8.c5 dxc5
9.Na4 Qb5 10.Nxc5 Na6 11.a4 Qb6 12.a5 Qb5 13.Nxa6 Qxa6 14.Re1 Be6 15.e4 Rad8
16.e5 Nd5 17.Bf1 b5 18.Ng5 Qc8 19.Bd2 Bf5 20.Rc1 f6 21.exf6 exf6 22.Nf3 Qd7
23.Qb3 Kh8 24.Rc5 Be6 25.Qc2 Rc8 26.Bg2 Rfe8 27.Qb1 Ne7 28.Rcc1 Nf5 29.Bb4 Bd5
30.Bc5 Bxf3 31.Bxf3 Rxe1+ 32.Rxe1 Nxd4 33.Bxd4 Qxd4 34.Bxc6 b4 35.b3 f5 36.Re8+ Rxe8
37.Bxe8 Qd2 38.Bb5 Bd4 39.Qf1 Qa2 40.Bc4 Qxa5 41.Qe2 Qe5 42.Qxe5+ Bxe5 43.Kf1 Kg7
44.Ke2 h5 45.Bb5 h4 46.f4 Bd4 47.Kf3 Bg1 48.Kg2 Bb6 49.Kf3 Bc7 50.g4 Kf6
51.h3 a5  1/2-1/2

[Event "Presov op"]
[Site "Presov"]
[Date "1999.??.??"]
[Round "4"]
[White "Vavrak, Peter"]
[Black "Lutsko, Igor"]
[Result "0-1"]
[WhiteElo "2323"]
[BlackElo "2386"]

1.c4 g6 2.Nf3 Bg7 3.g3 d6 4.d4 Nf6 5.Bg2 O-O 6.O-O Nbd7 7.Nc3 e5 8.e4 exd4
9.Nxd4 a6 10.h3 Rb8 11.Be3 Re8 12.f4 c5 13.Nde2 b5 14.e5 b4 15.exf6 bxc3
16.Nxc3 Bxf6 17.Bc1 Nb6 18.Rf3 Nxc4 19.b3 Nb6 20.Rd3 Bf5 21.Rf3 d5 22.g4 Bd4+
23.Kh2 Be4 24.Rg3 Bf2  0-1

[Event "Presov op"]
[Site "Presov"]
[Date "1999.??.??"]
[Round "4"]
[White "Pcola, Pavel"]
[Black "Hagarova, Zuzana"]
[Result "1-0"]
[WhiteElo "2360"]
[BlackElo "2328"]

1.d4 Nf6 2.c4 g6 3.g3 Bg7 4.Bg2 O-O 5.Nf3 d6 6.Nc3 Nbd7 7.O-O e5 8.e4 exd4
9.Nxd4 Re8 10.Re1 a6 11.h3 Rb8 12.Be3 Ne5 13.Qe2 c5 14.Nc2 b5 15.cxb5 axb5
16.Nxb5 Be6 17.Nca3 Qd7 18.Rad1 Bxh3 19.Nxd6 Bxg2 20.Kxg2 Qc6 21.Nxe8 Nxe4
22.f3 Rxe8 23.Bf4 Nd6 24.Bxe5 Rxe5 25.Qf2 Rxe1 26.Rxe1 Bd4 27.Qe2 Qb6 28.b3 Nf5
29.Nc4 Qc7 30.f4 h5 31.Qf3 Kg7 32.a4 Qb8 33.Ne5 Qb4 34.Re2 Bxe5 35.fxe5 Nd4
36.Qf6+ Kg8 37.Re3 Nf5 38.Qd8+ Kg7 39.Rf3 Qe4 40.Qd3 Qxe5 41.a5 Qb2+ 42.Rf2 Qc1
43.Qd2  1-0

[Event "Recklinghausen op"]
[Site "Recklinghausen"]
[Date "1999.??.??"]
[Round "4"]
[White "Kloss, Detlef"]
[Black "Jirovsky, Petr"]
[Result "0-1"]
[WhiteElo "2135"]
[BlackElo "2350"]

1.d4 Nf6 2.Nf3 g6 3.g3 Bg7 4.Bg2 O-O 5.c4 d6 6.O-O Nbd7 7.Qc2 e5 8.Rd1 Re8
9.Nc3 c6 10.e4 exd4 11.Nxd4 Qe7 12.h3 Nc5 13.Bg5 h6 14.Bxf6 Qxf6 15.Nb3 Be6
16.Rxd6 Qe7 17.Rad1 Be5 18.R6d2 Bxc4 19.Nxc5 Qxc5 20.Kh2 Be6 21.f4 Bc7 22.a3 Rad8
23.Rxd8 Rxd8 24.Rxd8+ Bxd8 25.Qd2 Bb6 26.Qe1 a5 27.e5 Qd4 28.Qd1 Qe3 29.Ne4 Bd4
30.Nf6+ Kg7 31.h4 h5 32.b4 a4 33.b5 cxb5 34.Bxb7 b4 35.Bg2 bxa3  0-1

[Event "Recklinghausen op"]
[Site "Recklinghausen"]
[Date "1999.??.??"]
[Round "4"]
[White "Bagaturov, Giorgi"]
[Black "Iuldachev, Saidali"]
[Result "1/2-1/2"]
[WhiteElo "2530"]
[BlackElo "2490"]

1.d4 Nf6 2.c4 g6 3.Nf3 Bg7 4.g3 O-O 5.Bg2 d6 6.Nc3 Nbd7 7.O-O e5 8.e4 c6
9.b3 Qa5 10.Bb2 Re8 11.h3 exd4 12.Nxd4 Nc5 13.Qc2 Qb6 14.Rfe1 Bd7 15.Rad1 Rad8
16.Bc1 Bc8 17.Be3 a5 18.f4 Qb4 19.Bf2 Nfd7 20.Qc1 f5 21.exf5 Rxe1+ 22.Bxe1 Re8
23.Bf2 Bxd4 24.Bxd4 gxf5 25.Re1 Rxe1+ 26.Qxe1 Nf8 27.Qe7 Nce6 28.Bf6 Bd7
29.Kh2 Qc5 30.Na4 Qf2 31.Qxd6 Be8 32.Nc3 Bh5 33.Qd3 Ng6 34.a3 Qxg2+ 35.Kxg2 Ngxf4+
36.gxf4 Nxf4+ 37.Kf2 Nxd3+  1/2-1/2

[Event "CXG R.Sa mem-B"]
[Site "Rio de Janeiro"]
[Date "1999.??.??"]
[Round "4"]
[White "Martins, Anderson"]
[Black "Soares, Estevao"]
[Result "1/2-1/2"]
[WhiteElo "2000"]
[BlackElo "2000"]

1.d4 Nf6 2.c4 g6 3.g3 Bg7 4.Bg2 O-O 5.Nf3 d6 6.O-O Nbd7 7.Qc2 c5 8.Rd1 Qc7
9.e4 a6 10.a4 Rb8 11.Na3 cxd4 12.Nxd4 Nh5 13.Be3 Ne5 14.h3 Bd7 15.g4 Qc8
16.gxh5 Bxh3 17.Qe2 Bg4 18.f3 Bxh5 19.Kf2 f5 20.exf5 Rxf5 21.Nxf5 Qxf5 22.Nc2 Nxf3
23.Bxf3 Rf8  1/2-1/2

[Event "Santiago op"]
[Site "Santiago"]
[Date "1999.??.??"]
[Round "8"]
[White "Araya, Gonzalo"]
[Black "Parada, Roger"]
[Result "1-0"]
[WhiteElo "2200"]
[BlackElo "2067"]

1.d4 Nf6 2.Nf3 g6 3.g3 Bg7 4.Bg2 d6 5.c4 O-O 6.O-O Nc6 7.Nc3 Bg4 8.h3 Bxf3
9.Bxf3 e5 10.Bxc6 exd4 11.Bxb7 Rb8 12.Qxd4 Rxb7 13.b3 Nh5 14.Qd3 Re8 15.Bd2 Qd7
16.Kh2 Rbb8 17.Rae1 Nf6 18.e4 Re5 19.f3 Qc8 20.Kg2 Nd7 21.Be3 Ra5 22.Re2 Ne5
23.Qd2 Ra6 24.Bd4 c5 25.Bxe5 Bxe5 26.Nd5 Qd8 27.f4 Bd4 28.f5 Rb7 29.f6 Qf8
30.Qg5 h6 31.Qg4 Kh7 32.h4 Rb8 33.h5 Re8 34.Nc7 gxh5 35.Qf5+  1-0

[Event "Staufer-Open 11th"]
[Site "Schwaebisch Gmuend"]
[Date "1999.??.??"]
[Round "3"]
[White "Jurek, Josef"]
[Black "Meier, Michael"]
[Result "1-0"]
[WhiteElo "2390"]
[BlackElo "2145"]

1.Nf3 Nf6 2.c4 g6 3.d4 Bg7 4.g3 O-O 5.Bg2 d6 6.Nc3 Nbd7 7.O-O e5 8.h3 Nh5
9.e4 Qe8 10.b3 f5 11.exf5 gxf5 12.Nd5 f4 13.Nxc7 Qe7 14.Nd5 Qe8 15.Nc7 Qe7
16.Nh4 Ndf6 17.Nd5 Qd8 18.dxe5 dxe5 19.Ba3 Re8 20.Ne7+ Kh8 21.g4 Qa5 22.Qd6 e4
23.gxh5 Qg5 24.Qxf4 Qxf4 25.Neg6+ hxg6 26.Nxg6+ Kh7 27.Nxf4 Kh6 28.Rad1 Nxh5
29.Rd6+ Kg5 30.Rd5+ Re5 31.Nxh5 Kxh5 32.Re1 Rxd5 33.cxd5 Bf5 34.Bxe4 Bxh3
35.Bf3+ Kg6 36.d6 Bf6 37.Bxb7 Rg8 38.Re3  1-0

[Event "Sportland-NRW-Cup"]
[Site "Senden"]
[Date "1999.??.??"]
[Round "2"]
[White "Abhau, Jochen"]
[Black "Haselhorst, Helmut"]
[Result "1-0"]
[WhiteElo "2230"]
[BlackElo "2160"]

1.Nf3 Nf6 2.g3 g6 3.Bg2 Bg7 4.d4 O-O 5.c4 d6 6.O-O Nc6 7.d5 Na5 8.Nfd2 c5
9.a3 b5 10.cxb5 Bd7 11.b4 Nb7 12.Bb2 Bxb5 13.Nc3 Bd7 14.Rb1 cxb4 15.axb4 a5
16.b5 Qc7 17.Nf3 e5 18.dxe6 fxe6 19.Nd4 Rae8 20.b6 Qb8 21.Ndb5 d5 22.Ba3 Rf7
23.Nc7 Rc8 24.e4 d4 25.Qxd4 Ng4 26.Qd2 Rd8 27.Qc2 Bd4 28.Nd1 Bc8 29.h3 Nf6
30.Kh2 h5 31.f4 e5 32.Qb3 h4 33.Na6 Qa8 34.Nc7 Qb8 35.Kh1 Nd6 36.Nc3 hxg3
37.fxe5 Bxe5 38.N3d5 Kg7 39.Nxf6 Rxf6 40.Rxf6 Bxf6 41.Bxd6 Bxh3 42.Ne8+ Rxe8
43.Bxb8 Be6 44.Qxg3 Rh8+ 45.Qh2 a4 46.Bd6  1-0

[Event "Sportland-NRW-Cup"]
[Site "Senden"]
[Date "1999.??.??"]
[Round "3"]
[White "Schroeder, Wilfried"]
[Black "Siepmann, Martin"]
[Result "1-0"]
[WhiteElo "2230"]
[BlackElo "1655"]

1.d4 Nf6 2.Nf3 g6 3.c4 Bg7 4.g3 O-O 5.Bg2 d6 6.O-O c6 7.Nc3 Qa5 8.e4 Bg4
9.h3 Bxf3 10.Bxf3 Nbd7 11.Rb1 c5 12.Be3 Rac8 13.e5 dxe5 14.dxc5 Qb4 15.Nd5 Nxd5
16.Qxd5 Rc7 17.a3 Qa5 18.c6 Qxd5 19.cxd5 bxc6 20.dxc6 Nf6 21.Rfc1 Rfc8 22.Rc4 Ne8
23.Ra4 Nd6 24.Rxa7 Rxa7 25.Bxa7 e4 26.Be2 Rxc6 27.b4 Rc2 28.Kf1 Ra2 29.Rb3 Bb2
30.Be3 Bxa3 31.b5 Nf5 32.b6 Nxe3+ 33.fxe3 Bd6 34.b7 Bb8 35.Rc3 Bxg3 36.Rc8+ Kg7
37.b8=Q Bxb8 38.Rxb8 Ra1+ 39.Kf2 Rh1 40.Bf1 Rh2+ 41.Bg2  1-0

[Event "Sportland-NRW-Cup"]
[Site "Senden"]
[Date "1999.??.??"]
[Round "4"]
[White "Espig, Lutz"]
[Black "Koscielski, Janusch"]
[Result "0-1"]
[WhiteElo "2420"]
[BlackElo "2310"]

1.Nf3 Nf6 2.c4 g6 3.d4 Bg7 4.g3 O-O 5.Bg2 d6 6.O-O Nc6 7.Nc3 a6 8.Bd2 Bd7
9.e3 e5 10.d5 Ne7 11.e4 Ne8 12.Ne1 f5 13.Nd3 Nf6 14.f3 h6 15.a4 g5 16.c5 Kh8
17.Qb3 Bc8 18.Rac1 f4 19.Ne2 Ng6 20.Be1 h5 21.gxf4 exf4 22.Kh1 Nd7 23.cxd6 cxd6
24.Bh3 Nge5 25.Nxe5 Bxe5 26.Bc3 Qf6 27.Bxe5 Qxe5 28.Rxc8 Raxc8 29.Bxd7 Rc7
30.Be6 Kh7 31.Qd3 Rc5 32.Nd4 Rf6 33.Bf5+ Kh6 34.Rg1 b5  0-1

[Event "Sportland-NRW-Cup"]
[Site "Senden"]
[Date "1999.??.??"]
[Round "5"]
[White "Krallmann, Matthias"]
[Black "Bellers, Frank"]
[Result "1-0"]
[WhiteElo "2295"]
[BlackElo "2105"]

1.d4 Nf6 2.c4 g6 3.Nf3 Bg7 4.g3 O-O 5.Bg2 d6 6.O-O c5 7.Nc3 Nc6 8.d5 Na5
9.Nd2 a6 10.Qc2 Rb8 11.b3 b5 12.Bb2 bxc4 13.bxc4 e5 14.Rab1 Bh6 15.e3 Bf5
16.Nce4 Bxe4 17.Nxe4 Nxe4 18.Bxe4 f5 19.Bd3 Bg7 20.Be2 Rf7 21.Bc3 Rxb1 22.Rxb1 Rb7
23.Rxb7 Nxb7 24.Qa4 Qb6 25.Qe8+ Bf8 26.Bd3 Nd8 27.f4 Nf7 28.Bc2 Qb7 29.Qe6 Qb8
30.Kf2 Bg7 31.fxe5 Bxe5 32.Bxe5 dxe5 33.Bb3 Qb4 34.Ke2 Qc3 35.Qc8+ Kg7 36.Qxc5 Qb2+
37.Kd1 Qb1+ 38.Kd2 Ng5 39.Qe7+ Kh6 40.Qf8+  1-0

[Event "Sportland-NRW-Cup"]
[Site "Senden"]
[Date "1999.??.??"]
[Round "7"]
[White "Diedam, Norbert"]
[Black "Bellers, Frank"]
[Result "1/2-1/2"]
[WhiteElo "2225"]
[BlackElo "2105"]

1.d4 Nf6 2.c4 g6 3.Nf3 Bg7 4.g3 O-O 5.Bg2 d6 6.Nc3 c6 7.e4 Nbd7 8.O-O e5
9.h3 Re8 10.Re1 exd4 11.Nxd4  1/2-1/2